000 01566nam a2200397 i 4500
001 15659
003 ES-MaACL
005 20250803063031.0
007 t|
008 000504s1991 sp ||||1| spa d
017 _aM 37689-1991
_bOficina Depósito Legal Madrid
020 _a84-7100-215-9
080 _a008(460.28:7/8)
080 _a325.2/.4(8=134.2)"14/15"
100 1 _aHernández Sánchez-Barba, Mario,
_d1925-2021
_eaut
_963053
245 1 0 _aCastilla y América /
_cMario Hernández Sánchez-Barba
260 _aMadrid :
_bMAPFRE,
_c[1991]
300 _a361 páginas ;
_c23 cm
490 1 _aColección Las Españas y América
_v1
_9179142
490 1 _aColecciones MAPFRE 1492
_9241455
500 _aÍndices
504 _aBibliografía: páginas [341]-346
505 0 _aCastilla como sujeto histórico; Aproximación al número de la castellanidad en América; Las estructuras; Las mentalidades
530 _aDisponible en formato digital
651 4 _aCastilla-
_xRelaciones-
_zAmérica
_9171079
651 4 _aAmérica española-
_xColonización
_97721
710 2 _aFundación MAPFRE América
_eisb
_94363
710 2 _aFundación MAPFRE
_eedt
_94362
830 1 0 _aColección Las Españas y América
_v1
_9179142
830 1 0 _aColecciones MAPFRE 1492
_9241455
852 _aES-MaACL
_cDEPO2
_jL-23016
856 _uhttps://archive.org/details/hernandez-m.-castilla-y-america-1992/mode/2up
_yVersión en línea
_z(Internet Archive)
942 _2udc
_cMONOGRAFIA
_n0
999 _c15659
_d15659